Famous Characters - Statistics

General Stats
  • This quiz has been taken 29 times
    17 since last reset
  • The average score is 21 of 31
Answer Stats
Picture Answer % Correct
Mickey Mouse
100%
Batman
92%
Cinderella
92%
Luigi
92%
Mario
92%
Olaf
92%
Spider-Man
92%
Alice
85%
Captain America
85%
Darth Vader
85%
Goofy
85%
Hulk
85%
Iron Man
85%
Minion
85%
Shrek
85%
Spongebob Squarepants
85%
Groot
69%
R2D2
69%
Robin
69%
Sully
62%
Wario
62%
Belle
54%
Mulan
54%
Bowser
46%
Miguel
46%
Optimus Prime
46%
Thanos
46%
Yoshi
38%
Link
31%
Nebula
31%
Red Guardian
8%
No matching quizzes found
Score Distribution
Percent of People with Each Score
Percentile by Number Answered
Your Score History
You have not taken this quiz since the last reset